Những trắc nghiệm tâm lý Tập 2 Trắc nghiệm về nhân cách
Giới thiệu các trắc nghiệm nghiên cứu kiểu cách và trắc nghiệm giao tiếp, trắc nghiệm khả năng điều khiển người khác v.v...
Wedi'i Gadw mewn:
| Prif Awdur: | |
|---|---|
| Awduron Eraill: | , |
| Fformat: | Llyfr |
| Iaith: | Vietnamese |
| Cyhoeddwyd: |
H.
Đại học Sư phạm
2004
|
| Pynciau: | |
| Tagiau: |
Ychwanegu Tag
Dim Tagiau, Byddwch y cyntaf i dagio'r cofnod hwn!
|
| Thư viện lưu trữ: | Mạng thư viện Đại học Đà Nẵng |
|---|
| LEADER | 01523nam a2200397 4500 | ||
|---|---|---|---|
| 001 | 000010155 | ||
| 003 | 6355 | ||
| 005 | 20111116141141.0 | ||
| 008 | 111116s2004 viesd | ||
| 020 | |c 14000đ | ||
| 041 | 0 | |a vie | |
| 082 | |a 155.28 |b NG-H | ||
| 100 | 0 | |a Ngô Công Hoàn | |
| 245 | 1 | 0 | |a Những trắc nghiệm tâm lý |c Ngô Công Hoàn (ch.b), Nguyễn Thị Thanh Bình, Nguyễn Thị Kim Quý |n Tập 2 |p Trắc nghiệm về nhân cách |
| 260 | |a H. |b Đại học Sư phạm |c 2004 | ||
| 300 | |a 138 tr. |c 21 cm | ||
| 504 | |a T.2: Trắc nghiệm về nhân cách | ||
| 520 | |a Giới thiệu các trắc nghiệm nghiên cứu kiểu cách và trắc nghiệm giao tiếp, trắc nghiệm khả năng điều khiển người khác v.v... | ||
| 653 | |a Tâm lí | ||
| 653 | |a nhân cách | ||
| 653 | |a trắc nghiệm tâm lí | ||
| 700 | |a Ngô Công Hoàn |e chủ biên | ||
| 700 | |a Nguyễn Thị Thanh Bình | ||
| 700 | |a Nguyễn Thị Kim Quý | ||
| 773 | |t Những trắc nghiệm tâm lý |w 2358 | ||
| 910 | |d duyên | ||
| OWN | |a LSP | ||
| AVA | |a UDN50 |b LSP |d 155.28 NG-H |e available |t Error 5001 Not defined in file expand_doc_bib_avail. |f 2 |g 0 |h N |i 0 |k 1 | ||
| 999 | |a From the UDN01 | ||
| AVA | |a UDN50 |b LSP |d 155.28 NG-H |e available |t Error 5001 Not defined in file expand_doc_bib_avail. |f 2 |g 0 |h N |i 0 |k 1 | ||
| TYP | |a Monograph | ||
| TYP | |a Printed language | ||
| 980 | |a Mạng thư viện Đại học Đà Nẵng | ||